000 00667nam a2200217Ia 4500
003 OSt
005 20250828111804.0
008 241004s9999 xx 000 0 und d
020 _a9781138390072
037 _aTextbook
040 _aARTS
_beng
_cARTS
041 _aeng
_2eng
084 _aR635 R1
_qARTS
100 _aFoxen Anya Au.; Kuberry Christa Au.
_9724681
245 _aIs this yoga?: concepts, histories, and the complexities of modeern practice
_cFoxen Anya Au.; Kuberry Christa Au.
260 _aUK
_bLondon Routledge
_c2021
300 _axii,240p.
365 _aUKP
_b32.99
942 _cTB
_hR635 R1
_2CC
_n0
999 _c1218831
_d1218831